Les rites de passage : etude systematique des rites

Saved in:
Bibliographic Details
Main Author: Van Gennep, Arnold
Format: Book
Language:French
Published: Paris : A. and J. Picard, 1981
Subjects:
Tags: Add Tag
No Tags, Be the first to tag this record!

MARC

LEADER 00000nam a2200000 i 4500
001 1/81976
008 940719s1981 fre d
020 |a 2-7084-0065-7 
035 |l 10005409 
040 |a GR-MY-UA  |b gre  |e aacr 
041 0 |a fre 
082 0 |a 390 
100 1 |a Van Gennep, Arnold. 
245 1 4 |a Les rites de passage :  |b etude systematique des rites /  |c Arnold Van Gennep 
260 |a Paris :   |b A. and J. Picard,   |c 1981 
300 |a 288 p. 
504 |a Includes index 
650 0 0 |a Rites and ceremonies. 
852 |a INST  |b LESVOS  |e 19940719  |h 390 VAN  |p 005100003759  |q 005100003759  |t BK  |y 0 
909 |a Λ  |b 007379